Diseños curriculares de aula. En el marco de la sociedad del conocimiento
Saved in:
| Main Authors: | , |
|---|---|
| Format: | Book |
| Language: | Spanish |
| Published: |
Madrid
EOS
2005
|
| Series: | Fundamentos Psicopedagogicos
|
| Subjects: | |
| Tags: |
Add Tag
No Tags, Be the first to tag this record!
|
MARC
| LEADER | 00000cam a2200000 a 4500 | ||
|---|---|---|---|
| 001 | UCI3042 | ||
| 003 | CL-VaPUC | ||
| 008 | 071012e20050000SP |||||||||||||||||spa|d | ||
| 020 | |a 8497271556 | ||
| 082 | 0 | 4 | |a 375 |b ROM |2 21 |
| 100 | 0 | |a Román Pérez, Martiniano |e author |9 524378 | |
| 700 | |a Díez López, Eloísa |e author |9 415327 | ||
| 245 | 1 | 0 | |a Diseños curriculares de aula. En el marco de la sociedad del conocimiento |
| 300 | |a 480 p | ||
| 942 | |c BK | ||
| 945 | |d 20071012 00:00:00 |a rbrito | ||
| 260 | |a Madrid |b EOS |c 2005 | ||
| 650 | 0 | |a Currículo |9 307290 | |
| 650 | 7 | |a DESARROLLO DE LOS CURRICULOS |2 CL-VaPUC |9 338829 | |
| 650 | 0 | |a Planificación del currículo |9 269599 | |
| 650 | 7 | |a CURRICULO DE ENSEÑANZA PRIMARIA |2 CL-VaPUC |9 524380 | |
| 650 | 0 | |a Educación básica |9 224933 | |
| 650 | 7 | |a INSTRUCCIONES DIDACTICAS |2 CL-VaPUC |9 340154 | |
| 650 | 7 | |a MATERIAS DEL CURRICULO |2 CL-VaPUC |9 362159 | |
| 583 | |a last modification |c 20180828 02:29:16 |k Rodrigo Vera | ||
| 490 | 0 | |a Fundamentos Psicopedagogicos | |
| 999 | |c 327437 |d 327435 | ||
| 952 | |0 0 |1 0 |4 0 |6 375_000000000000000_ROM_2005 |7 0 |8 A |9 410264 |a BIBEDU |b BIBEDU |d 2019-11-22 |i 4378741 |o 375 ROM 2005 |p 4378741 |r 2019-11-22 |w 2019-11-22 |y BK |k EPE | ||